<?xml version="1.0" encoding="UTF-8"?>
<record
    xmlns:xsi="http://www.w3.org/2001/XMLSchema-instance"
    xsi:schemaLocation="http://www.loc.gov/MARC21/slim http://www.loc.gov/standards/marcxml/schema/MARC21slim.xsd"
    xmlns="http://www.loc.gov/MARC21/slim">

  <leader>01801nam a22003377a 4500</leader>
  <controlfield tag="005">20230614141726.0</controlfield>
  <controlfield tag="008">230613b           ||||| |||| 00| 0 eng d</controlfield>
  <datafield tag="040" ind1=" " ind2=" ">
    <subfield code="c">AL</subfield>
  </datafield>
  <datafield tag="041" ind1=" " ind2=" ">
    <subfield code="a">eng</subfield>
  </datafield>
  <datafield tag="082" ind1=" " ind2=" ">
    <subfield code="2">23</subfield>
    <subfield code="a">502K</subfield>
    <subfield code="b">MULV</subfield>
  </datafield>
  <datafield tag="100" ind1=" " ind2=" ">
    <subfield code="a">Mulavijnana Patamale: &#xCAE;&#xCC2;&#xCB2;&#xCB5;&#xCBF;&#xC9C;&#xCCD;&#xC9E;&#xCBE;&#xCA8; &#xCAA;&#xCBE;&#xCA0;&#xCAE;&#xCBE;&#xCB2;&#xCC6; </subfield>
    <subfield code="9">123903</subfield>
  </datafield>
  <datafield tag="245" ind1=" " ind2=" ">
    <subfield code="a">mula vijnana patamale  &#xCAE;&#xCC2;&#xCB2;&#xCB5;&#xCBF;&#xC9C;&#xCCD;&#xC9E;&#xCBE;&#xCA8; &#xCAA;&#xCBE;&#xCA0;&#xCAE;&#xCBE;&#xCB2;&#xCC6; : &#xCAD;&#xCBE;&#xC97; &#xCE7; &#xCB0;&#xCBF;&#xC82;&#xCA6; &#xCE7;&#xCEB;</subfield>
  </datafield>
  <datafield tag="260" ind1=" " ind2=" ">
    <subfield code="a">Bengaluru</subfield>
    <subfield code="b">IBH Prakashana</subfield>
  </datafield>
  <datafield tag="300" ind1=" " ind2=" ">
    <subfield code="a">448p.</subfield>
    <subfield code="b">HB</subfield>
    <subfield code="c">18x12cm.</subfield>
  </datafield>
  <datafield tag="440" ind1=" " ind2=" ">
    <subfield code="a">Mula Vijnana Patamale: &#xCAE;&#xCC2;&#xCB2;&#xCB5;&#xCBF;&#xC9C;&#xCCD;&#xC9E;&#xCBE;&#xCA8; &#xCAA;&#xCBE;&#xCA0;&#xCAE;&#xCBE;&#xCB2;&#xCC6; </subfield>
    <subfield code="9">123698</subfield>
  </datafield>
  <datafield tag="650" ind1=" " ind2=" ">
    <subfield code="a">Basic Science: Mula Vijnana: &#xCAE;&#xCC2;&#xCB2;&#xCB5;&#xCBF;&#xC9C;&#xCCD;&#xC9E;&#xCBE;&#xCA8; </subfield>
    <subfield code="9">123699</subfield>
  </datafield>
  <datafield tag="650" ind1=" " ind2=" ">
    <subfield code="a">Air: &#xCB5;&#xCBE;&#xCAF;&#xCC1;: Vayu</subfield>
    <subfield code="9">123700</subfield>
  </datafield>
  <datafield tag="650" ind1=" " ind2=" ">
    <subfield code="a">Earth: Bhumi: &#xCAD;&#xCC2;&#xCAE;&#xCBF; </subfield>
    <subfield code="9">123701</subfield>
  </datafield>
  <datafield tag="650" ind1=" " ind2=" ">
    <subfield code="a">Vidyuttu: &#xCB5;&#xCBF;&#xCA6;&#xCCD;&#xCAF;&#xCC1;&#xCA4;&#xCCD;&#xCA4;&#xCC1; : Electricity</subfield>
    <subfield code="9">123702</subfield>
  </datafield>
  <datafield tag="650" ind1=" " ind2=" ">
    <subfield code="a">Balagalu Alategalu: Forces Measures: &#xCAC;&#xCB2;&#xC97;&#xCB3;&#xCC1;  &#xC85;&#xCB3;&#xCA4;&#xCC6;&#xC97;&#xCB3;&#xCC1; </subfield>
    <subfield code="9">123703</subfield>
  </datafield>
  <datafield tag="650" ind1=" " ind2=" ">
    <subfield code="a">Ushna: &#xC89;&#xCB7;&#xCCD;&#xCA3;: Heat</subfield>
    <subfield code="9">123704</subfield>
  </datafield>
  <datafield tag="650" ind1=" " ind2=" ">
    <subfield code="a">Belaku: &#xCAC;&#xCC6;&#xCB3;&#xC95;&#xCC1;: Light</subfield>
    <subfield code="9">123705</subfield>
  </datafield>
  <datafield tag="650" ind1=" " ind2=" ">
    <subfield code="a">Jeevanta Vastugalu Pranigalu Manava Sasyagalu: &#xC9C;&#xCC0;&#xCB5;&#xC82;&#xCA4; &#xCB5;&#xCB8;&#xCCD;&#xCA4;&#xCC1;&#xC97;&#xCB3;&#xCC1; &#xCAA;&#xCCD;&#xCB0;&#xCBE;&#xCA3;&#xCBF;&#xC97;&#xCB3;&#xCC1; &#xCB8;&#xCB8;&#xCCD;&#xCAF;&#xC97;&#xCB3;&#xCC1; &#xCAE;&#xCBE;&#xCA8;&#xCB5; </subfield>
    <subfield code="9">123706</subfield>
  </datafield>
  <datafield tag="650" ind1=" " ind2=" ">
    <subfield code="a">Sound: Shabda: &#xCB6;&#xCAC;&#xCCD;&#xCA6; </subfield>
    <subfield code="9">123707</subfield>
  </datafield>
  <datafield tag="650" ind1=" " ind2=" ">
    <subfield code="a">Neeru: Water: &#xCA8;&#xCC0;&#xCB0;&#xCC1; </subfield>
    <subfield code="9">123708</subfield>
  </datafield>
  <datafield tag="650" ind1=" " ind2=" ">
    <subfield code="a">Panigalu mattu avugala Marigalu: &#xCAA;&#xCCD;&#xCB0;&#xCBE;&#xCA3;&#xCBF;&#xC97;&#xCB3;&#xCC1; &#xCAE;&#xCA4;&#xCCD;&#xCA4;&#xCC1; &#xC85;&#xCB5;&#xCC1;&#xC97;&#xCB3; &#xCAE;&#xCB0;&#xCBF;&#xC97;&#xCB3;&#xCC1; </subfield>
    <subfield code="9">123709</subfield>
  </datafield>
  <datafield tag="650" ind1=" " ind2=" ">
    <subfield code="a">Akasha mattu Manava: &#xC86;&#xC95;&#xCBE;&#xCB6; &#xCAE;&#xCA4;&#xCCD;&#xCA4;&#xCC1; &#xCAE;&#xCBE;&#xCA8;&#xCB5; </subfield>
    <subfield code="9">123710</subfield>
  </datafield>
  <datafield tag="650" ind1=" " ind2=" ">
    <subfield code="a">Kadalina Jeevigalu: &#xC95;&#xCA1;&#xCB2;&#xCBF;&#xCA8; &#xC9C;&#xCC0;&#xCB5;&#xCBF;&#xC97;&#xCB3;&#xCC1; </subfield>
    <subfield code="9">123711</subfield>
  </datafield>
  <datafield tag="700" ind1=" " ind2=" ">
    <subfield code="a">MULA VIJNANA PATA MALE: &#xCAE;&#xCC2;&#xCB2;&#xCB5;&#xCBF;&#xC9C;&#xCCD;&#xC9E;&#xCBE;&#xCA8; &#xCAA;&#xCBE;&#xCA0;&#xCAE;&#xCBE;&#xCB2;&#xCC6; </subfield>
    <subfield code="9">123712</subfield>
  </datafield>
  <datafield tag="942" ind1=" " ind2=" ">
    <subfield code="2">ddc</subfield>
    <subfield code="c">DB</subfield>
  </datafield>
  <datafield tag="999" ind1=" " ind2=" ">
    <subfield code="c">227502</subfield>
    <subfield code="d">227502</subfield>
  </datafield>
  <datafield tag="952" ind1=" " ind2=" ">
    <subfield code="0">0</subfield>
    <subfield code="1">0</subfield>
    <subfield code="2">ddc</subfield>
    <subfield code="4">0</subfield>
    <subfield code="7">0</subfield>
    <subfield code="8">KAN</subfield>
    <subfield code="a">AL</subfield>
    <subfield code="b">AL</subfield>
    <subfield code="d">2023-06-07</subfield>
    <subfield code="l">0</subfield>
    <subfield code="o">502K MULV</subfield>
    <subfield code="p">D05727</subfield>
    <subfield code="r">2023-06-13 00:00:00</subfield>
    <subfield code="w">2023-06-13</subfield>
    <subfield code="y">DB</subfield>
  </datafield>
</record>
